000 00399nam a2200145Ia 4500
008 231129s2006||||xx |||||||||||||| ||spa||
020 _a84-261-3522-6
040 _bspa
082 _a823 W357m
100 _aWyke-Smith E.A.
245 0 _aEl maravilloso paí­s de los snergs
260 _c2006
264 _aBarcelona España : Juventud
942 _2ddc
_cBKS
999 _c11642
_d11642